00303nam a2200133Ia 4500008004100000100001700041245002900058250001200087260002700099300000800126650001300134942000700147999001500154190216s9999||||xx |||||||||||||| ||und|| aJudd Robbins 0aAbc S Of 1 2 3 Release 3 a1st Ed. bBpb Publicationsc1990 a289 aComputer cBK c8437d8437